[Event "SLO-ch 33rd"]
[Site "Radenci"]
[Date "2023.04.30"]
[Round "7"]
[White "Vah, Denis"]
[Black "Dimnik, Miha"]
[Result "0-1"]
[WhiteElo "1940"]
[BlackElo "1485"]
[PlyCount "128"]
[EventDate "2023.04.25"]
[EventType "team-match"]
[EventRounds "9"]
[EventCountry "SLO"]
[SourceTitle "CBM 214 Extra"]
[Source "ChessBase"]
[SourceDate "2023.07.31"]
[SourceVersion "1"]
[SourceVersionDate "2023.07.31"]
[SourceQuality "1"]

1. d4 Nf6 2. c4 g6 3. Nc3 d5 4. Qb3 dxc4 5. Qxc4 Bg7 6. e4 0-0 7. Nf3 Nfd7 8. Be3 Nb6 9. Qc5 Bg4 10. Rd1 a6 11. Be2 Qd6 12. Qxd6 cxd6 13. h3 Bxf3 14. gxf3 N8d7 15. Rc1 Rac8 16. f4 e6 17. e5 d5 18. b3 Rc6 19. Kd2 Rfc8 20. Kd3 Bf8 21. h4 Ba3 22. Rc2 h5 23. Bc1 Bb4 24. Bb2 Bxc3 25. Rxc3 Rxc3+ 26. Bxc3 Kf8 27. Rg1 Nb8 28. Ba5 Na8 29. Bb4+ Ke8 30. Bd6 Nc6 31. Bf3 Nc7 32. Bc5 Kd7 33. a4 a5 34. Rc1 Na6 35. Kd2 Nxc5 36. dxc5 Ne7 37. Be2 Nf5 38. Bb5+ Kc7 39. c6 b6 40. Rh1 Nd4 41. Kc3 Nxc6 42. Bxc6 Kxc6 43. Kd3 Kb7 44. Rg1 Rc5 45. f5 exf5 46. e6 fxe6 47. Rxg6 Rc6 48. Rg5 Kc7 49. Rxh5 Kd6 50. f4 Kc5 51. Rg5 Kb4 52. h5 Kxb3 53. h6 Rc3+ 54. Kd4 Rh3 55. Rg6 Kxa4 56. Rxe6 b5 57. Kxd5 b4 58. Kc4 Ka3 59. Ra6 Ka4 60. Rd6 b3 61. h7 b2 62. Rb6 Ka3 63. Rb3+ Rxb3 64. h8Q b1Q 0-1

[Event "SLO-ch 33rd"]
[Site "Radenci"]
[Date "2023.04.29"]
[Round "6"]
[White "Dimnik, Miha"]
[Black "Kodric, Gasper"]
[Result "0-1"]
[WhiteElo "1485"]
[BlackElo "2037"]
[PlyCount "64"]
[EventDate "2023.04.25"]
[EventType "team-match"]
[EventRounds "9"]
[EventCountry "SLO"]
[SourceTitle "CBM 214 Extra"]
[Source "ChessBase"]
[SourceDate "2023.07.31"]
[SourceVersion "1"]
[SourceVersionDate "2023.07.31"]
[SourceQuality "1"]

1. e4 c5 2. Nf3 Nc6 3. Bb5 g6 4. 0-0 Bg7 5. Re1 Nf6 6. e5 Nd5 7. Nc3 Nc7 8. Bxc6 dxc6 9. Ne4 Ne6 10. d3 0-0 11. Be3 b6 12. d4 cxd4 13. Nxd4 Nxd4 14. Bxd4 Qc7 15. Nd2 Rd8 16. Bc3 c5 17. Qe2 Bb7 18. Rad1 Qc6 19. f3 b5 20. b3 c4 21. b4 a5 22. a3 Qc7 23. bxa5 Rd5 24. Nf1 Rad8 25. Ne3 Rxd1 26. Nxd1 Qc5+ 27. Qe3 Qxa3 28. Qb6 Rxd1 29. Rxd1 Qxc3 30. Qxb7 Bxe5 31. a6 Bd4+ 32. Rxd4 Qe1# 0-1

[Event "SLO-ch 33rd"]
[Site "Radenci"]
[Date "2023.04.27"]
[Round "3"]
[White "Goroshkov, Maksym"]
[Black "Dimnik, Miha"]
[Result "1-0"]
[WhiteElo "2287"]
[BlackElo "1485"]
[PlyCount "169"]
[EventDate "2023.04.25"]
[EventType "team-match"]
[EventRounds "9"]
[EventCountry "SLO"]
[SourceTitle "CBM 214 Extra"]
[Source "ChessBase"]
[SourceDate "2023.07.31"]
[SourceVersion "1"]
[SourceVersionDate "2023.07.31"]
[SourceQuality "1"]

1. e4 e5 2. d4 exd4 3. c3 Qe7 4. Bd3 d5 5. e5 Nc6 6. cxd4 Nxd4 7. Nc3 Qxe5+ 8. Be3 Nf6 9. Qa4+ Nc6 10. Nf3 Qd6 11. 0-0 Be7 12. Nb5 Qd8 13. Bf4 0-0 14. Nxc7 Rb8 15. Nb5 a6 16. Nbd4 Nxd4 17. Qxd4 Bd6 18. Bg5 Be6 19. Rac1 Be7 20. Bf4 Bd6 21. Bg5 Be7 22. Bf4 Bd6 23. Bd2 b5 24. b4 Bg4 25. Ne5 Bxe5 26. Qxe5 Re8 27. Qd4 Qd7 28. Bg5 Bf5 29. Bxf6 Bxd3 30. Qxd3 gxf6 31. Rc5 Re5 32. f4 Rh5 33. Qf3 Qf5 34. Kh1 Rh4 35. Rxd5 Qg4 36. g3 Qxf3+ 37. Rxf3 Rg4 38. Rd6 f5 39. Rxa6 Rg6 40. Rfa3 Kg7 41. Ra8 Rbb6 42. Rc3 Rge6 43. Rc2 h5 44. Rd8 Re4 45. a3 Re3 46. Rd5 Rxa3 47. Rxf5 Rb3 48. Rg5+ Kf8 49. Rxh5 Rxb4 50. Rc8+ Kg7 51. Rg5+ Kf6 52. Rh8 Ke7 53. Re5+ Kd7 54. Rf8 Rf6 55. Kg2 Rb2+ 56. Kf3 Rxh2 57. Rxb5 Ke7 58. Ra8 Rd6 59. Rf5 Rd3+ 60. Kg4 Rg2 61. Ra7+ Ke6 62. Re5+ Kf6 63. Ra6+ Kg7 64. Rg5+ Kf8 65. Kh3 Rf2 66. Rf6 Rff3 67. Kh4 Rf2 68. Ra6 Ke7 69. Ra7+ Kf6 70. Kg4 Rg2 71. Rf5+ Ke6 72. Re5+ Kf6 73. Ra6+ Kg7 74. Rg5+ Kf8 75. Kf5 Rdxg3 76. Kf6 Ke8 77. Ra8+ Kd7 78. Ra7+ Kd6 79. Rxf7 Rxg5 80. fxg5 Rf2+ 81. Kg7 Rg2 82. g6 Ke6 83. Rf1 Rg3 84. Re1+ Kf5 85. Kf7 1-0